| 000 | 00589nam a2200241 a 4500 | ||
|---|---|---|---|
| 001 | nice12345678 | ||
| 003 | IN_TiNIC | ||
| 005 | 20260116013827.0 | ||
| 008 | 070829s1996 dela grp 000 0 eng | ||
| 020 |
_a _c325 |
||
| 082 | 0 | 0 |
_a291.4 _bANA1 |
| 100 | _aAnand, Subhash | ||
| 245 |
_aWay of Love _b The Bhagvata Doctrine of Bhakti |
||
| 260 |
_aDelhi _bMunshi Ram Manoharlal _c1996 |
||
| 300 | _a237p | ||
| 500 | _aincludes index and biblioraphy | ||
| 650 | _aBhakti | ||
| 650 | _aPuranas | ||
| 700 | 1 | _aAnand, Subhash | |
| 902 | _bSRS | ||
| 942 | _cBK | ||
| 999 |
_c12700 _d12700 |
||